| 000 | 00705nam a2200217Ia 4500 | ||
|---|---|---|---|
| 003 | GCL | ||
| 008 | 140319s9999 xx 000 0 ara d | ||
| 040 |
_aGCL / _cGCL |
||
| 082 | 0 | 4 |
_aط _b603 _bع م |
| 100 | 1 | _aعصام سعدالدين | |
| 245 | 1 | 0 |
_aالسفينة والملاحة الدولية 14 / _cعصام سعدالدين |
| 700 | 1 | _aمدحت عبد السميع | |
| 260 |
_a[S.N] : _bدار الكتاب المصرى ، _c1993 |
||
| 300 | _a16 ص | ||
| 490 |
_aموسوعة العلم والتكنولوجيا الميسرة _v0 |
||
| 650 | 0 | 4 | _aالاطفال |
| 650 | 0 | 4 | _aتعليم الاطفال |
| 650 | 0 | 4 | _aالتكنولوجيا |
| 650 | 0 | 4 | _aالالات |
| 942 |
_2ddc _cBK |
||
| 999 |
_c57151 _d57151 |
||